1612 1106 1797 1249 1745 1969 1678 1072 1534 1164 1201 1168 1424 1549 1771 1009 1969 1042 1526 1264 1957 1808 1661 1837 1650 1431 1249 1522 1279 1102 1621 1433 1226 1355 1766 1022 1851 1356 1711 1707 1194 1211 1738 1117 1805 1067 1330 1014 1975 1309 1988 1462 1162 1349 1011 1232 1194 1649 1177 1949 1986 1406 1516 1873 1789 1231 1514 1614 1512 1549 1019 1729 1225 1146 1143 1384 1111 1444 1210 1118 1500 1775 1043 1690 1352 1078 1020 1586 1184 1649 1829 1456 1824 1567 1218 1032 1034 1731 1196 BCNSPRNW ULIB Ver.6.0+V

เปลี่ยนเป็นภาษาไทย

Change to English
 แสดงรายละเอียดบรรณานุกรม
  กลับหน้าหลัก

Brief Record : Get Marc (ISO 2709) : E-mail record : QR code < ปิดหน้าต่าง
LEADER : 00000nam 2200000uu 4500
001    13399114595
003     ULIB
008    120419s2543||||th 000 0 tha d
020    ^a9742411425
050  4 ^aLB^bอ288 2543
100 0  ^aอมรวิชช์ นาครทรรพ
245 10 ^aบนทางสู่คุณภาพ :
250    ^aพิมพ์ครั้งที่ 1
260    ^aกรุงเทพฯ :^bสำนักงานคณะกรรมการการศึกษาแห่งชาติ,^c2543
300    ^a232 หน้า ; 21 ซม
500    ^aSend to Single Search
650  4 ^aประกันคุณภาพการศึกษาระดับอุดมศึกษา
650  4 ^aประกันคุณภาพการศึกษา
650  4 ^aการศึกษาขั้นอุดมศึกษา
710 2  ^aสำนักงานคณะกรรมการการศึกษาแห่งชาติ
945    ^p0^l0^i9431
995    ^aกัณชพร
999 ^a ใช้งานได้ทุกระบบ
รายการนี้ยังไม่มีแท็ก
คุณยังไม่ได้ล็อกอิน คุณสามารถมีกิจกรรมร่วมกับเว็บไซต์ได้ แต่ต้องล็อกอินก่อน ::
  ล็อกอิน

รายการสื่อสารสนเทศ

ลำดับที่ ประเภท เลขเรียก/บาร์โค้ด สถานที่ สถานะ
- ไม่พบข้อมูล -

รายการใกล้เคียง
    ผู้แต่ง [อมรวิชช์ นาครทรรพ]

    หัวเรื่อง [ประกันคุณภาพการศึกษาระดับอุดมศึกษา]
    หัวเรื่อง [ประกันคุณภาพการศึกษา]
    หัวเรื่อง [การศึกษาขั้นอุดมศึกษา]

BibComment


ยังไม่เคยถูกคอมเมนท์

คอมเมนท์ทรัพยากรรายการนี้
  คอมเมนท์: บนทางสู่คุณภาพ


 Copyright 2026. Bcnsprnw @Library